000 01005cam a2200301 a 4500
001 1173056
003 OSt
005 20230405130421.0
008 960610s1996 enka 000 0aeng d
010 _a 96185815
020 _a1869886089
035 _a(OCoLC)34902340
040 _aMMU
_cMMU
_dMMU
_beng
042 _alccopycat
043 _af-ke---
050 0 0 _aDT433.582.M28
_bA3 1996
100 0 _aMaina wa Kinyatti.
245 1 0 _aKenya :
_ba prison notebook /
_cMaina wa Kinyatti.
260 _aLondon :
_bVita Books :
_aJamaica, N.Y.,
_bMau Mau Research Center,
_cc1996.
300 _aiii, 286 p. :
_bill. ;
_c23 cm.
600 1 0 _aMaina wa Kinyatti
_xImprisonment.
650 0 _aPolitical prisoners
_zKenya
_vBiography.
650 0 _aHistorians
_zKenya
_vBiography.
651 0 _aKenya
_xPolitics and government
_y1978-
906 _a7
_bcbc
_ccopycat
_du
_encip
_f19
_gy-gencatlg
942 _2lcc
_cLOAN LOAN
999 _c32532
_d32529